000 06989nam a2200301Ia 4500
005 20250223033132.0
008 231030s9999 xx 000 0 und d
049 _aDeposit
082 _a636.5
097 _aPh.D
099 _aCai01.10.19.Ph.D.2022.ma.m.
100 _aMaged Mahmoud Khlil,
245 _aMonitoring the Efficacy of Concurrent Cold Fogging Disinfection in Layer Houses :
_cPresented by Maged Mahmoud Khlil; Supervision of Hussein Abdel- Hay Kaoud, Abd El-Hammed Kamal, Shaimaa Talat Elaalm
246 _aرصد فعالية التطهير المتزامن بالضباب البارد في مزارع الدجاج البياض
260 _c2022.
502 _aThesis (Ph.D)-Cairo University,2022.
504 _aBibliography: p. 112-124.
520 _aأجريت دراسة مسحية لتحديد وتقدير تأثيرات مسببات الأمراض الداجنة الأكثر شيوعاً (Mycoplasma gallisepticum، Salmonella Typhimurium، Escherichia coli) على أداء قطعان الدجاج البياض التجاري (إنتاج البيض ، معدل النفوق) تمت زيارة 15 قطيعًا تجاريًا لانتاج البيض مابين أكتوبر 2019 ويناير 2021. تم جمع مسحات فردية من فتحة المجمع والقصبة الهوائية من 300 دجاجة (300 من المجمع و 300 من القصبة الهوايئة). - تم تسجيل تاريخ الحالة وأداء كل قطيع. طرق اعداد و المطهرات المستخدمة في تطهير المزارع. التجارب الحقلية:1-الكشف عن بكتيرياMycoplasma gallisepticum -typhimurium Salmonella-iE. col وتحديد الجصائص الجينية لها.2- تقييم بعض المطهرات المتوفرة تجاريًا:عليها و كذلك مجموع البكتيريا الهوائية والخميرة والعفن ( aerobic bacteria, yeast - mold).3- . تتكون المعالجات من 6 مطهرات مختلفة ، والتي تضمنت : الفورمالين ، والفينول ، مركبات الامونيا الرباعية ، والهالاميد ، وفيركونزاس ، ومايكرو سبت ام.4- في تجارب ميدانية مختلفة: علي ارضية العنبر و طرق التطبيق المختلفة: (رش منخفض السعرعة- رش عالي السرعة- الضباب البارد). وكشفت النتائج ما يلي:1- أن الميكوبلازما Mycoplasma gallisepticum تم عزلها من 5 قطعان من قطعان البيض التجارية (40٪).2- السالمونيلا Salmonella Typhimurium، تم عزلها من 5 قطعان (33.3٪). 3- أنواع Escherichia coli تم عزلها من 4 قطعان (26.7٪). 4- لم تؤثر المطهرات بشكل كبير على البكتيريا الممرضة، عند معدل الاستخدام المنخفض باستثناء الفورمالين ، و micro sept m و Virkon’S. 5- أثرت المطهرات بشكل كبير على مجموعات M. gallisepticum و Salmonella TyphimuriumوEscherichia coli بمعدلات الاستخدام العالي ، على التوالي (P<0.05). 6- نتج عن الفورمالين والفينول والهلاميد و Virkon’S و Micro Sept M انخفاض معنوي (P<0.05) في مجموع تعداد M. gallisepticum مقارنة مع مجموعة التحكم . 7- تأثرت مجموعات السالمونيلا تيفيموريوم والإشريكية القولونية معنوياً (P<0.05) بالفورمالين والفينول والهالاميد و Virkon’S و Micro Sept M. 8- أدى الضباب بواسطة الفورمالين ، الفينول ، QAC ، Halamid، Virkon’S و Micro Sept M إلى أكبر انخفاض في Mycoplasma galisepticum و Salmonella typhimuriumو E. coli 9 - لم تؤثر المطهرات بشكل كبير على الحمل الميكروبيaerobic) bacteria, yeastmold populations) ، عند معدل الاستخدام المنخفض باستثناء الفورمالين وVirkon’S.. 10- أدى الضباب بواسطة الفورمالين ، الفينول ، QAC ، Halamid، Virkon’S و Micro إلى أكبر انخفاض في مجموعات الحمل الميكروبي بعد التعرض للمطهرات لمدة 15 دقيقة. مع تطبيق تقنية الانحلال بالموجات فوق الصوتية ، يمكن تحويل السوائلإمن حالة رذاذ الي قطيرات فائقة الصغر متفرقة بشكل موحد 2-4 ميكرومتر. تلعب القطيرات الصغيرة دور ”جزيئات البذور” وتشكل نواة تجميع في الهواء الجوي ويمكنها أن تتصادم بشكل فعال مع الجسيمات الدقيقة المحيطة لتحسين كفاءة التجميع. بعد تفتيت المطهر ، تنبعث كمية كبيرة من بخار الماء في الهواء لزيادة الرطوبة النسبية للداخل ، وتحسين قدرة اختراق المطهر على جدار البكتيريا ، وتعزيز تأثير التطهير ، وتقليل وقت التطهير. في حالة تقليل قطر القطيرة إلى نصف حجمها الأصلي ، فإن عدد القطيرات التي يمكن تكوينها من نفس حجم التركيبة سيزداد ثمانية أضعاف. إذا تم تقليل قطر القطيرة إلى 10 بالمائة من حجمها الأصلي ، فإن عدد القطيرات التي يمكن تكوينها سيزيد ألف مرة. بهذه الطريقة يحدد قطر القطيرة كمية القطيرات التي ستتشكل. المواد الكيميائية المستخدمة في هذا النوع من الآلات أكثر تركيزًا من المواد الكيميائية المستخدمة في معدات الرش الأخرى ، مما يزيد أيضًا من كفاءة القتل. تشمل المزايا الأخرى لآلات الرش فائقة الصغر(ULV) مخاطر أقل للإصابة بسبب سحابة الضباب غير المرئية تقريبًا ، وانخفاض أحجام المواد الكيميائية الحاملة ، وانخفاض تكلفة التطبيق وانخفاض مستويات الضوضاء. ألكلمات الافتاتحية: مايكوبلازما جاليسيبكيكم, سالمونيلا فيفيميوريم, الاشرشيا كولاي,الحمل البكتيري لارضية عنبر الدواجن, المطهرات, الضباب البارد, قطعان البيض التجاري.
650 _amicrobial load of the floor house.
653 _aSalmonella typhymurium.
700 _aShaimaa Talat Elaalm
856 _uhttp://172.23.153.220/th.pdf
905 _aMohamady
942 _cTH
_2ddc
999 _c164560
_d164560
336 _2rda content
_atext
337 _2rdamedia
_aUnmediated
338 _2rdacarrier
_avolume